Religiosos en Hispanoamérica

Uloženo v:
Podrobná bibliografie
Hlavní autor: Borges Morán, Pedro (Autor)
Médium: Kniha
Jazyk:španělština
Vydáno: Madrid MAPFRE 1992
Edice:Colección Iglesia Católica en el Nuevo Mundo, 2
Témata:
Tagy: Přidat tag
Žádné tagy, Buďte první, kdo vytvoří štítek k tomuto záznamu!

MARC

LEADER 00000nam a2200000 a 4500
001 UCX7008
003 CL-VaPUC
008 930910e19920000SP |||||||||||||||||spa|d
082 0 4 |a 271.0098  |b BOR  |2 21 
100 0 |a Borges Morán, Pedro  |e author  |9 323726 
245 1 0 |a Religiosos en Hispanoamérica 
300 |a 340 p 
942 |c BK 
945 |d 19930910 00:00:00 
260 |a Madrid  |b MAPFRE  |c 1992 
650 0 |a Órdenes religiosas  |9 257499 
650 7 |a EVANGELIZACION  |2 CL-VaPUC  |9 323727 
651 0 |a América Latina   |9 255027 
583 |a last modification  |c 20180327 12:20:18  |k Rodrigo Vera 
490 0 |a Colección Iglesia Católica en el Nuevo Mundo, 2 
999 |c 226930  |d 226928 
952 |0 0  |1 0  |4 0  |6 271_009800000000000_BOR_1992  |7 0  |8 A  |9 225638  |a BIBHIS  |b BIBHIS  |d 2019-11-15  |i 2942798  |o 271.0098 BOR 1992  |p 2942798  |r 2025-01-20  |w 2019-11-15  |y BK  |k HIS